Presidents of Mali by Picture - Statistics

General Stats
  • This quiz has been taken 10 times
  • The average score is 8 of 9
Answer Stats
Picture Hint Answer % Correct
1991-1992 | 2002-2012 Amadou Toumani Touré
100%
2012-2013 Dioncounda Traoré
100%
2013-2020 Ibrahim Boubacar Keïta
100%
1960-1968 Modibo Keïta
100%
1968-1991 Moussa Traoré
100%
1992-2002 Alpha Oumar Konaré
88%
2020 | 2021-Present Assimi Goïta
88%
2012 Amadou Sanogo
75%
2020-2021 Bah Ndaw
63%
No matching quizzes found
Score Distribution
Percent of People with Each Score
Percentile by Number Answered
Your Score History
You have not taken this quiz